000 00540nam a2200193Ia 4500
003 OSt
005 20200814151045.0
008 190216s9999||||xx |||||||||||||| ||und||
020 _a9780748761623
040 _coclc
082 _a547.2
_bNOR/P
100 _aNorman, Richard
_94061
245 0 _aPrinciples Of Organic Synthesis /
_cRichard Norman ; J M Coxen
250 _a3rd Ed.
260 _bCrc Press,
_c2015.
_aLondon:
300 _a811p
650 _aChemistry
942 _cBK
_2ddc
_h547.2
_iNOR/P
_k547.2
_mNOR/P
999 _c3717
_d3717